| Tag |
First Indicator |
Second Indicator |
Subfields |
| LEADER |
00000pam a22000004a 4500 |
| 001 |
in00003403113 |
| 005 |
20190405203026.0 |
| 006 |
m o d |
| 007 |
cr |||||||nn|n |
| 008 |
071219s2007 quc o d fre d |
| 010 |
|
|
|z 2007531657
|
| 020 |
|
|
|a 9782760519541
|
| 020 |
|
|
|z 9782760515208
|
| 020 |
|
|
|z 2760515206
|
| 035 |
|
|
|a (MdBmJHUP)muse9782760519541
|
| 040 |
|
|
|a MdBmJHUP
|c MdBmJHUP
|d UtOrBLW
|
| 043 |
|
|
|a n-cn-qu
|
| 050 |
0 |
0 |
|a LC5808.C22
|b Q34 2007
|
| 082 |
0 |
0 |
|a 371.3509714
|2 22
|
| 100 |
1 |
|
|a Guillemet, Patrick.
|
| 245 |
1 |
0 |
|a Former à distance :
|b la Tele-universite et l'acces à l'enseignement superieur, 1972-2006 /
|c Patrick Guillemet.
|
| 264 |
|
1 |
|a Quebec :
|b Presses de l'Universite du Quebec,
|c 2007.
|
| 300 |
|
|
|a 1 online resource (xvi, 348 pages )
|
| 336 |
|
|
|a text
|b txt
|2 rdacontent
|
| 337 |
|
|
|a computer
|b c
|2 rdamedia
|
| 338 |
|
|
|a online resource
|b cr
|2 rdacarrier
|
| 490 |
1 |
|
|a Collection Enseignement superieur ;
|v 15
|
| 504 |
|
|
|a Includes bibliographical references ([315]-329) and index.
|
| 588 |
|
|
|a Description based on print version record.
|
| 500 |
|
|
|a Electronic resource.
|
| 610 |
2 |
0 |
|a Université du Québec.
|b Télé-université
|x History.
|
| 650 |
|
0 |
|a College teaching
|z Québec (Province)
|x History.
|
| 650 |
|
0 |
|a Distance education
|z Québec (Province)
|x History.
|
| 655 |
|
7 |
|a Electronic books.
|2 local
|
| 856 |
4 |
0 |
|u http://proxy.library.tamu.edu/login?url=http://muse.jhu.edu/books/9782760519541/
|z Connect to the full text of this electronic book
|t 0
|
| 830 |
|
0 |
|a Collection "Enseignement supérieur" ;
|v 15.
|
| 999 |
|
|
|a MARS
|
| 999 |
f |
f |
|s 6a186aff-80cf-33b6-8ebc-f624c516fb3f
|i f16e23c4-9287-340b-8743-a9d381b74021
|t 0
|
| 952 |
f |
f |
|a Texas A&M University
|b College Station
|c Electronic Resources
|d Available Online
|t 0
|e LC5808.C22 Q34 2007
|h Library of Congress classification
|
| 998 |
f |
f |
|a LC5808.C22 Q34 2007
|t 0
|l Available Online
|